[Event "Cologne-ch 55th"]
[Site "Cologne"]
[Date "2008.03.04"]
[Round "5"]
[White "Eising, Johannes"]
[Black "Raasch, Joerg"]
[Result "0-1"]
[WhiteElo "2283"]
[BlackElo "2288"]
[PlyCount "143"]
[EventDate "2008.01.29"]
[EventType "swiss"]
[EventRounds "7"]
[EventCountry "GER"]
[SourceTitle "EXT 2010"]
[Source "ChessBase"]
[SourceDate "2010.11.25"]
[SourceVersion "1"]
[SourceVersionDate "2010.11.25"]
[SourceQuality "1"]

1. c4 c6 2. e4 d5 3. exd5 cxd5 4. d4 Nf6 5. Nc3 e6 6. Nf3 Bb4 7. Bd3 dxc4 8. Bxc4 0-0 9. 0-0 b6 10. Re1 Bb7 11. Bg5 Nbd7 12. Rc1 Rc8 13. Bd3 h6 14. Bf4 Nd5 15. Bd2 Nxc3 16. bxc3 Bd6 17. Qe2 Qc7 18. Bc2 Qc4 19. Bd3 Qd5 20. c4 Qh5 21. Be4 Bxe4 22. Qxe4 Nf6 23. Qe2 Qf5 24. Rb1 Qc2 25. Bb4 Qxe2 26. Rxe2 Rfd8 27. Bxd6 Rxd6 28. Rb4 Rdc6 29. Nd2 Rd8 30. Nb3 Rc7 31. Kf1 Kf8 32. h3 Rdc8 33. Nd2 Nd7 34. Re3 Nb8 35. Ra4 Rd8 36. Nb3 Nc6 37. Re4 Rcd7 38. c5 Ne7 39. cxb6 axb6 40. Ra6 Nd5 41. Re1 Rc8 42. Rc1 Rxc1+ 43. Nxc1 Rc7 44. Nb3 h5 45. g3 Ke7 46. Ke1 Kf6 47. Nd2 Kf5 48. Ke2 Rc2 49. Ra7 Kg6 50. a3 b5 51. Ke1 Ra2 52. Ra5 Nc3 53. f3 Nd5 54. Ne4 Ne3 55. Rxb5 Rxa3 56. Kf2 Nf5 57. g4 Rxf3+ 58. Kg2 hxg4 59. hxg4 Nxd4 60. Rg5+ Kh7 61. Rh5+ Kg8 62. Rc5 Rf4 63. Nf2 g6 64. Kg3 Ne2+ 65. Kg2 Ra4 66. Kf3 Nd4+ 67. Ke3 Kg7 68. Ne4 f5 69. Nc3 Rb4 70. g5 Nc2+ 71. Kd2 Na3 72. Rc7+ 0-1

[Event "Cologne-ch 54th"]
[Site "Cologne"]
[Date "2007.03.14"]
[Round "4"]
[White "Raasch, Joerg"]
[Black "Markzitser, Dmitry"]
[Result "1-0"]
[WhiteElo "2264"]
[BlackElo "2230"]
[PlyCount "93"]
[EventDate "2007.02.06"]
[EventType "swiss"]
[EventRounds "7"]
[EventCountry "GER"]
[SourceTitle "EXT 2010"]
[Source "ChessBase"]
[SourceDate "2010.11.25"]
[SourceVersion "1"]
[SourceVersionDate "2010.11.25"]
[SourceQuality "1"]

1. d4 Nf6 2. Nf3 g6 3. g3 Bg7 4. Bg2 0-0 5. 0-0 d6 6. c4 c6 7. Nc3 Nbd7 8. Qc2 e5 9. Rd1 Qb6 10. h3 Re8 11. dxe5 dxe5 12. Be3 Qc7 13. Nd2 Nf8 14. Bc5 Ne6 15. Nb3 Nxc5 16. Nxc5 Qe7 17. N5e4 Nxe4 18. Nxe4 Be6 19. Nd6 Red8 20. c5 f5 21. e4 Rf8 22. b4 f4 23. Rd3 h5 24. Rb1 Rad8 25. a4 Kh8 26. Rbd1 Rd7 27. b5 cxb5 28. axb5 Rc7 29. Ra3 fxg3 30. fxg3 Qg5 31. h4 Qg4 32. Rdd3 g5 33. hxg5 b6 34. c6 Qxg5 35. Rf3 Bg4 36. Rxf8+ Bxf8 37. Rd3 Qg6 38. Qd2 Rh7 39. Nb7 h4 40. Rd8 Qf6 41. Qd6 Qxd6 42. Nxd6 Kg8 43. gxh4 Rh6 44. Nf5 Rh7 45. Bf1 Bxf5 46. exf5 Rxh4 47. c7 1-0

[Event "Cologne-ch 54th"]
[Site "Cologne"]
[Date "2007.03.14"]
[Round "5"]
[White "Raasch, Joerg"]
[Black "Morawietz, Dieter"]
[Result "1/2-1/2"]
[WhiteElo "2264"]
[BlackElo "2438"]
[PlyCount "88"]
[EventDate "2007.02.06"]
[EventType "swiss"]
[EventRounds "7"]
[EventCountry "GER"]
[SourceTitle "EXT 2010"]
[Source "ChessBase"]
[SourceDate "2010.11.25"]
[SourceVersion "1"]
[SourceVersionDate "2010.11.25"]
[SourceQuality "1"]

1. d4 Nf6 2. Nf3 e6 3. g3 c5 4. c3 b6 5. Bg2 Bb7 6. 0-0 Be7 7. Nbd2 Qc7 8. b3 0-0 9. Bb2 cxd4 10. cxd4 Bd5 11. Ne1 Bxg2 12. Nxg2 d5 13. Rc1 Nc6 14. Nf3 Qb7 15. a3 Rfc8 16. Qd3 Na5 17. Rxc8+ Rxc8 18. Rc1 Rxc1+ 19. Bxc1 Qc8 20. Bb2 Ne4 21. Ne3 h5 22. Nf1 Qf8 23. a4 Ba3 24. Bxa3 Qxa3 25. N3d2 Nxd2 26. Nxd2 Qb2 27. e3 g6 28. Kf1 Nc6 29. Ke2 Nb4 30. Qb1 Qc3 31. h4 Kg7 32. Nf3 f6 33. Ne1 e5 34. dxe5 fxe5 35. Nd3 a5 36. Nxb4 axb4 37. Qd3 Qb2+ 38. Kf1 d4 39. exd4 exd4 40. Qe4 Qc1+ 41. Ke2 Qc5 42. Kd3 Qc3+ 43. Ke2 Qb2+ 44. Kf1 Qc1+ 1/2-1/2

[Event "Oberliga NRW 0607"]
[Site "Germany"]
[Date "2007.02.25"]
[Round "6.8"]
[White "Raasch, Joerg"]
[Black "Stoeckmann, Helmut"]
[Result "0-1"]
[WhiteElo "2264"]
[BlackElo "2177"]
[PlyCount "104"]
[EventDate "2006.09.17"]
[EventType "team-tourn"]
[EventRounds "9"]
[EventCountry "GER"]
[SourceTitle "EXT 2008"]
[Source "ChessBase"]
[SourceDate "2007.11.25"]
[SourceVersion "1"]
[SourceVersionDate "2007.11.25"]
[SourceQuality "1"]
[WhiteTeam "Koeln SF"]
[BlackTeam "Muenster"]
[WhiteTeamCountry "GER"]
[BlackTeamCountry "GER"]

1. d4 Nf6 2. Nf3 e6 3. e3 d5 4. Bd3 c5 5. c3 Nc6 6. 0-0 Bd6 7. Nbd2 0-0 8. dxc5 Bxc5 9. e4 dxe4 10. Nxe4 Be7 11. Bf4 Qb6 12. Qc2 g6 13. Rad1 Rd8 14. Ned2 Bd7 15. Nc4 Qc5 16. b4 Qh5 17. b5 Nb8 18. a4 Be8 19. h3 Nbd7 20. Ng5 Nd5 21. Be2 Qh6 22. Nxe6 Nxf4 23. Nxd8 Rxd8 24. Bf3 Qg5 25. Kh1 Rc8 26. Ne3 Nc5 27. Nd5 Nxd5 28. Rxd5 Qf4 29. Rd4 Qf6 30. Rfd1 Ne6 31. R4d3 b6 32. c4 Nf4 33. Rd4 Nxh3 34. Qe2 Bc5 35. gxh3 Bxd4 36. Bb7 Rb8 37. Bd5 Bc5 38. Rd3 Qxf2 39. Qd1 Kg7 40. Rf3 Qd4 41. Qf1 f5 42. Rf4 Qf6 43. Rf3 Bd7 44. Rd3 Re8 45. Qd1 Bc8 46. Bf3 f4 47. Bg2 Bf5 48. Rd2 Re3 49. Rd8 Qe5 50. Qd5 Re1+ 51. Kh2 Bg1+ 52. Kh1 Bf2+ 0-1

[Event "Oberliga NRW 0607"]
[Site "Germany"]
[Date "2006.11.26"]
[Round "3.7"]
[White "Raasch, Joerg"]
[Black "Hilverda, Alexander"]
[Result "1-0"]
[WhiteElo "2264"]
[BlackElo "2132"]
[PlyCount "45"]
[EventDate "2006.09.17"]
[EventType "team-tourn"]
[EventRounds "9"]
[EventCountry "GER"]
[SourceTitle "EXT 2008"]
[Source "ChessBase"]
[SourceDate "2007.11.25"]
[SourceVersion "1"]
[SourceVersionDate "2007.11.25"]
[SourceQuality "1"]
[WhiteTeam "Koeln SF"]
[BlackTeam "Werther"]
[WhiteTeamCountry "GER"]
[BlackTeamCountry "GER"]

1. d4 Nf6 2. Nf3 e6 3. e3 b6 4. Bd3 Bb7 5. Nbd2 d5 6. 0-0 Bd6 7. b3 0-0 8. Bb2 c5 9. c4 Ne4 10. Qe2 f5 11. Rad1 f4 12. exf4 Nxd2 13. Qxe6+ Kh8 14. Nxd2 Bxf4 15. dxc5 dxc4 16. Qg4 Qc7 17. Nxc4 Bxh2+ 18. Kh1 b5 19. Qh5 Bxg2+ 20. Kxg2 Rxf2+ 21. Rxf2 Qg3+ 22. Kf1 Qg1+ 23. Ke2 1-0

[Event "NRW-ch"]
[Site "Muelheim"]
[Date "2006.10.09"]
[Round "3"]
[White "Raasch, Joerg"]
[Black "Simon, Hans Christian"]
[Result "1-0"]
[WhiteElo "2264"]
[BlackElo "2220"]
[PlyCount "92"]
[EventDate "2006.10.07"]
[EventType "swiss"]
[EventRounds "7"]
[EventCountry "GER"]
[SourceTitle "CBM 114 Extra"]
[Source "ChessBase"]
[SourceDate "2006.11.03"]
[SourceVersion "1"]
[SourceVersionDate "2006.11.03"]
[SourceQuality "1"]

1. d4 f5 2. Nc3 Nf6 3. Bg5 d5 4. f3 Nc6 5. e3 g6 6. Bb5 Bg7 7. Nh3 0-0 8. Bxc6 bxc6 9. Na4 h6 10. Bxf6 exf6 11. 0-0 Be6 12. Nc5 Re8 13. Nxe6 Rxe6 14. Nf4 Rxe3 15. Nxg6 Qd6 16. Qd2 Rae8 17. Rae1 f4 18. g3 f5 19. Nxf4 Bxd4 20. Kg2 Qe5 21. Rxe3 Bxe3 22. Qb4 Bxf4 23. gxf4 Qe3 24. Rf2 Kf7 25. Qd2 d4 26. Qxe3 Rxe3 27. Rd2 c5 28. Kf2 Ke6 29. Rd1 Kd5 30. Rg1 c4 31. Rg7 Re6 32. Rf7 d3 33. Rxf5+ Kc6 34. cxd3 cxd3 35. Re5 Rd6 36. Ke1 Kd7 37. Kd2 Ra6 38. a3 Ra4 39. Re4 Ra5 40. Kxd3 Rb5 41. b4 Rh5 42. Re2 a5 43. Re5 Rxh2 44. Rxa5 Ke6 45. f5+ Kf6 46. Ke4 Ra2 1-0

[Event "NRW-ch"]
[Site "Muelheim"]
[Date "2006.10.07"]
[Round "1"]
[White "Raasch, Joerg"]
[Black "Henrichs, Wenke"]
[Result "1-0"]
[WhiteElo "2264"]
[BlackElo "2087"]
[PlyCount "95"]
[EventDate "2006.10.07"]
[EventType "swiss"]
[EventRounds "7"]
[EventCountry "GER"]
[SourceTitle "CBM 114 Extra"]
[Source "ChessBase"]
[SourceDate "2006.11.03"]
[SourceVersion "1"]
[SourceVersionDate "2006.11.03"]
[SourceQuality "1"]

1. d4 Nf6 2. Nf3 g6 3. Bf4 Bg7 4. e3 0-0 5. Be2 d5 6. 0-0 Nbd7 7. h3 c5 8. c3 b6 9. Nbd2 Bb7 10. Ne5 Rc8 11. a4 Ne4 12. Nxe4 dxe4 13. Nxd7 Qxd7 14. dxc5 Qxd1 15. Rfxd1 e5 16. Bg3 Rxc5 17. Rd7 Rb8 18. Rad1 Bf6 19. R1d6 Kg7 20. Bd1 Rcc8 21. Bb3 Rf8 22. Rc7 Bc8 23. Rxa7 h5 24. Rc6 h4 25. Rcc7 hxg3 26. Rxf7+ Rxf7 27. Rxf7+ Kh6 28. Rxf6 gxf2+ 29. Kxf2 b5 30. a5 Ra8 31. Bd5 Rxa5 32. Bxe4 Ra2 33. Rxg6+ Kh5 34. g4+ Kh4 35. Rh6+ Kg5 36. Rh5+ Kf6 37. g5+ Ke7 38. Rh7+ Kd6 39. g6 Be6 40. g7 Rxb2+ 41. Kf3 Bc4 42. Rh8 Rb3 43. g8Q Bxg8 44. Rxg8 Rxc3 45. Rb8 Rb3 46. h4 Rb2 47. h5 Rh2 48. h6 1-0

[Event "Oberliga NRW 0607"]
[Site "Germany"]
[Date "2006.09.17"]
[Round "1.7"]
[White "Mertens, Heiko"]
[Black "Raasch, Joerg"]
[Result "1/2-1/2"]
[WhiteElo "2275"]
[BlackElo "2264"]
[PlyCount "114"]
[EventDate "2006.09.17"]
[EventType "team-tourn"]
[EventRounds "9"]
[EventCountry "GER"]
[SourceTitle "EXT 2007"]
[Source "ChessBase"]
[SourceDate "2006.11.23"]
[SourceVersion "1"]
[SourceVersionDate "2006.11.23"]
[SourceQuality "1"]
[WhiteTeam "Koeln SF"]
[BlackTeam "Godesberg II"]
[WhiteTeamCountry "GER"]
[BlackTeamCountry "GER"]

1. e4 e6 2. d3 d5 3. Nd2 Nf6 4. Ngf3 b6 5. c3 c5 6. exd5 exd5 7. d4 Be7 8. Bb5+ Bd7 9. Bd3 0-0 10. 0-0 Bg4 11. h3 Bh5 12. Qa4 c4 13. Be2 a6 14. Re1 b5 15. Qd1 Nbd7 16. Nf1 b4 17. Ng3 Bg6 18. Nh4 bxc3 19. bxc3 Bd6 20. Ngf5 Qc7 21. Nxg6 hxg6 22. Nxd6 Qxd6 23. Qa4 Rfe8 24. Ba3 Qf4 25. Rad1 Nf8 26. Bc1 Qf5 27. Bf3 Ne6 28. Re5 Qb1 29. Bxd5 Nxd5 30. Rxd5 Nc7 31. Rd7 Nb5 32. Qxc4 Qf5 33. Rd5 Qc2 34. Rf1 Rac8 35. Rc5 Rxc5 36. dxc5 Nxc3 37. Kh1 Re4 38. Qxa6 Nd1 39. Kh2 Kh7 40. Qa8 f5 41. Qd5 Nxf2 42. Qd2 Re2 43. Qxc2 Rxc2 44. Be3 Ne4 45. Ra1 g5 46. Rc1 Rxa2 47. c6 f4 48. Bb6 f3 49. Rg1 Rc2 50. c7 Kg6 51. h4 g4 52. c8Q Rxc8 53. gxf3 Rc2+ 54. Kh1 g3 55. Rg2 Rc1+ 56. Rg1 Rc2 57. Rg2 Rc1+ 1/2-1/2